000 01611nam a22002895a 4500
005 20081204134002.0
008 080804s2008 nyu 000 0 eng
010 _aB-315691 B-342083-084
020 _a9780141036243
_c399.00
035 _aB-315691 B-342083-084
037 _bUBH/319/24.1.09/E-12/20.1.09/29.1.09
037 _bPansy Books
040 _adpl
_bEnglish
082 _a650.1
100 _aGladwell, Malcolm
245 _aOutliers :
_bthe story of success /
_cby Malcolm Gladwell
260 _aNew Delhi
_bPenguin Books
_c2008
270 _a11 Community Centre, Panchsheel Park,
_bNew Delhi
_e110017
300 _aix, 309p.
_c20cm.(pbk)
500 _aIncludes index
942 _2ddc
_cEN
_h650.1
_mGLA
999 _c22586
_d22586